<A> Graph - theoretic approach to the jump - number problem

Gespeichert in:
Bibliographische Detailangaben
1. Verfasser: Syslo, Maciej M.
Format: Buch
Sprache:Englisch
Veröffentlicht: Bonn Institut für Ökonometrie und Operations Research 1984
Schriftenreihe:Report no. 84339-OR
Tags: Tag hinzufügen
Keine Tags, Fügen Sie das erste Tag hinzu!

MARC

LEADER 00000nam a2200000 4500
001 c114659
005 20181203150328.5
041 0 |a eng 
044 |a DE 
245 1 0 |a <A> Graph - theoretic approach to the jump - number problem  |c Maciej M. Syslo 
264 1 |a Bonn  |b Institut für Ökonometrie und Operations Research  |c 1984 
300 |a 30 s. 
490 1 |a Report  |v no. 84339-OR 
830 0 |a Report  |v no. 84339-OR 
100 1 |a Syslo, Maciej M.